|
|
|
|
| LEADER |
00891nam a22002177a 4500 |
| 001 |
41474 |
| 003 |
BD-DhAAL |
| 008 |
231008t2021 bg ||||| |||| 00| 0 eng d |
| 040 |
|
|
|a BD-DhAAL
|c BD-DhAAL
|
| 082 |
|
|
|a 330.95492
|2 23
|
| 245 |
|
|
|a Growth drivers for Bangladesh :
|b accelerating investment opportunities in agribusiness, digital economy and green finance.
|
| 264 |
|
|
|a Dhaka :
|b Knowledge Partner,
|c 2021.
|
| 300 |
|
|
|a 300 pages :
|b illustrations ;
|c 23 cm.
|
| 541 |
|
|
|a Complimentary copy
|e 41474
|
| 650 |
|
|
|a Economics.
|z .
|
| 651 |
|
|
|a Bangladesh
|x Economic conditions.
|
| 651 |
|
|
|a Bangladesh
|x Economic policy.
|
| 852 |
|
|
|a Ayesha Abed Library
|c General Stacks
|
| 942 |
|
|
|2 ddc
|c BK
|
| 999 |
|
|
|c 46207
|d 46207
|
| 952 |
|
|
|0 0
|1 0
|2 ddc
|4 0
|6 330_954920000000000_GRO
|7 0
|9 74535
|a BRACUL
|b BRACUL
|c GEN
|d 2023-10-08
|e Complimentary copy
|l 1
|m 17
|o 330.95492 GRO
|p 3010041474
|r 2024-05-30
|s 2024-01-11
|t 1
|w 2023-10-08
|y BK
|